Quizzes
Events
Quiz Creation
Community
Videos
Private Events
Remove Ads
Sign In
Join for FREE
Feedback
Dark Mode
Quiz Categories
Sports
Geography
Music
Movies
Television
Just For Fun
Miscellaneous
History
Literature
Language
Science
Gaming
Entertainment
Religion
Holiday
For Kids
Quiz Lab
Recent
Popular Today
Quiz Kudos Today
Editor Picks
Curator Picks
Quizzes by...
Day
Popularity
Type
Ratings
Length
Year
Community
Subscriptions
Recent Discussions
Orange Saloon
Badges
Playlists
Quests
Create
Leaderboards
Showdown
Live 5
Trivia Bingo
Activity
Puzzle Library
Sporcle Events
Private Events
Virtual Trivia
Globe League
Become a Host
Pub Owners
SporcleCon
Opinionation
Our Games
Videos
Blog
Mobile Apps
Partnerships
Remove Ads and Go Orange
Feedback
Sports
Athletes
MLB
NBA
NHL
NFL
Soccer
Sports Teams
WWE
NCAA
Football
Premier League
Basketball
Baseball
Hockey
Golf
Tennis
Cricket
Rugby
Auto Racing
Olympics
World Cup
Sports
Athletes
MLB
NBA
NHL
NFL
Soccer
Sports Teams
WWE
NCAA
Football
Premier League
Basketball
Baseball
Hockey
Golf
Tennis
Cricket
Rugby
Auto Racing
Olympics
World Cup
Random Quiz
Search Sporcle
×
Quiz Lab
Quiz Lab
Sports
Tennis
Type in answers that appear in a list
Type in answers that appear in a list
Classic
Best Score? Go Orange.
Most Grand Slam Tennis Championships (Men Open Era) Stats
Can you name who has the Most Grand Slam Tennis Tournament Titles (Men Open Era)? (2 or More)
By
Kirijax
5m
29 Questions
341 Plays
341 Plays
341 Plays
Comments
Comments
Give Quiz Kudos
Give Quiz Kudos
-
- Ratings
hide this ad
Replay
Link that replays current quiz
Next Quiz
Link to next quiz in quiz playlist
You Got
0%
They Got
Avg Score
81%
Avg Friend Score
Upgrade to see
Score Distribution
Jump to the score distribution portion of the page
Score
0/29
Timer
05:00
0
Plays Today
Hint
Answer
% Correct
17
Roger Federer
99.4%
14
Rafael Nadal
98.8%
14
Pete Sampras
98.2%
9
Novak Djokovic
97.9%
11
Bjorn Borg
96.2%
7
John McEnroe
96.2%
8
Andre Agassi
95.6%
8
Jimmy Connors
93%
8
Ivan Lendl
92.7%
6
Boris Becker
91.5%
2
Andy Murray
91.5%
5
Rod Laver
89.4%
6
Stefan Edberg
88.6%
2
Lleyton Hewitt
86.2%
7
Mats Wilander
85.6%
Hint
Answer
% Correct
2
Stan Wawrinka
85.5%
4
Jim Courier
84.5%
3
Arthur Ashe
77.4%
2
Marat Safin
76.8%
5
John Newcombe
76.2%
3
Gustavo Kuerten
76.2%
2
Pat Rafter
75.4%
2
Ilie Nastase
70.4%
4
Guillermo Vilas
70.1%
2
Stan Smith
67.7%
2
Yevgeny Kafelnikov
67.2%
4
Ken Rosewall
65.4%
2
Sergi Bruguera
59.2%
2
Johan Kriek
50.1%
Quiz Playlist
Details
Report
Send in Message
Add To Playlist
Classic:
Type in answers that appear in a list
Last Updated: Feb 16, 2017
Quiz Scoreboard
CHALLENGE
Sign Up to Join the Scoreboard
Show All
Scores
Hide
Comments
May contain spoilers
Recently Published
Movies - When Are They Set?
by FPL_Elf
Movies
5m
Popular People in 1961
by mucciniale
History
6m
1-10 Letter E Words III
by El_Dandy
Language
2m
More to Explore
Quiz From the Vault
Featured Blog Post
Where Did the Easter Bunny Come From?
hide this ad
You Might Also Like...
Tags
Tennis Quiz
Era
grand
men
open
slam
Tournament
Today's Top Quizzes in Sports
Browse Sports
hide this ad
Today's Top Quizzes in Tennis
Browse Tennis
Top Contributed Quizzes in Sports
1
Les meilleurs buteurs des matchs entre le PSG et l’OM
2
Les entraîneurs de l'OM et du PSG au 21e siècle
3
FIFA Club World Cup Champions
4
2022 World Cup Stars
5
Name the Premier League winners with different clubs
6
La finale Lions - Afrique du Sud 2021
7
Criteria MLB: Left Handed Sluggers
8
Players with Multiple 50 Home Run Seasons
9
MLB Players with Two .350 Batting Average Seasons
10
MLB Hall of Famer by Rings
Explore More
Trending Topics
Crossword
Disney
Marvel
Kpop
Anime
Harry Potter
NBA
Pokémon
The Office
Country
WWE
Song
Puzzle
NFL
Soccer
hide this ad
More By:
Kirijax
Quiz
Plays
Rating
Category
Featured
Created
Men's Tennis Year-End Top 4
86,071
4.76
Sports
Apr 3, 2014
Women's Tennis Year-End Top 4 (1975-2017)
6,278
4.00
Sports
Jan 30, 2015
Cincinnati Master Tennis Men's Champions (Open Era)
1,930
3.78
Sports
Aug 18, 2015
Men's Tennis Champions Open Era: Majors, WTF, Olympics
956
4.00
Sports
Mar 31, 2014
Women's Tennis Champions Open Era: Majors, WTF, OG
548
4.00
Sports
Apr 1, 2014
Go to Creator's Profile
Score Distribution
Quiz Creator Spotlight
Kirijax
Follow
Send a Message
Quizzes Created
-
Created Quiz Play Count
-
More By This Creator
Popular Quizzes Today
1
Find the US States - No Outlines Minefield
2
Find the Countries of Europe - No Outlines Minefield
3
The Countries of the World
4
Popular People in 1961
5
1-10 Letter E Words III
6
US States
7
Find the US States
8
One Thing in Common: World Cities II
More Sports Quizzes
Soccer Passports XVI
Quiz Lab
Trending Quizzes
Risky Map Clicking: Least Populous States A-Z
1-10 Letter F Words
1-10 Letter G Words
One Thing in Common: United Kingdom
Risky Map Clicking: Next State Alphabetically
Recently Updated
Leaping Animals
pecheneg
Reality TV Shows (A-Z)
bhenderson79
Rickey Henderson's Hall of Fame Teammates
pecheneg
Champions League XIs: Arsenal
pecheneg
Quick Pick: Celebrities in WWE's Hall of Fame
aduchscher
A-Z Keypad Blitz II
pecheneg
Multiple Oscar Actors
pecheneg
Mystery Phrase Blitz: Oscar 'Best Actors'
pecheneg
F. Scott Fitzgerald Novels
LTH
Pick 3 Villains
ddd62291
Trending Topics
Harry Potter
NBA
Crossword
Disney
Marvel
Kpop
Anime
WWE
The Office
Pokémon
Puzzle
Soccer
Country
NFL
Song
Your Account Isn't Verified!
In order to create a playlist on Sporcle, you need to verify the email address you used during registration. Go to your
Sporcle Settings
to finish the process.
Report this User
Report this user for behavior that violates our
Community Guidelines
.
Details:
Send Report
Go to the Sporcle.com Mobile Site →
Comments